Statistics for Most populated cities in 1800

Click here to take the quiz!

General Stats

  • This quiz has been taken 8 times
  • The average score is 4 of 10

Answer Stats

PopulationCity% Correct
60,000New York
100%
24,000Boston
88%
26,000Baltimore
50%
7,000Providence
50%
9,000Salem
38%
18,000Charleston
25%
6,000Norfolk
25%
10,000Northern Liberties
25%
41,000Philidelphia
13%
9,000Southwark
13%

Score Distribution

Percentile by Number Answered

Percent of People with Each Score

Your Score History

You have not taken this quiz